Т. 1: Минерально-сырьевая база полезных ископаемых. Обогащение руд цветных металлов, руд и россыпей редких металлов; Технология обогащения полезных ископаемых

Podrobná bibliografie
Parent link:Технология обогащения полезных ископаемых: учебник/ В. А. Бочаров, В. А. Игнаткина. Т. 1: Минерально-сырьевая база полезных ископаемых. Обогащение руд цветных металлов, руд и россыпей редких металлов.— , 2007.— 978-5-98191-024-1
Shrnutí:Изложены сведения по минерально-сырьевой базе твердых полезных ископаемых; подробно рассмотрены минералогический, химический, фазовый состав руд цветных и редких металлов; приведены теоретические и практические материалы по рудоподготовке и переработке минерального сырья с применением различных методов обогащения, химического и гидрометаллургического выщелачивания, металлургической переработки. Даны технические характеристики технологического оборудования. Приведены технологические схемы и показатели обогащения основных типов руд; даны примеры переработки руд в отечественной и зарубежной практике; отмечены основные направления комплексного извлечения благородных металлов, серы, железа и других примесных компонентов. Учебник предназначен для студентов вузов, обучающихся по специальности «Обогащение полезных ископаемых», научных работников, инжене­ров, аспирантов, специализирующихся в области переработки полезных ископаемых.
Jazyk:ruština
Vydáno: 2007
Témata:
Médium: Kniha
KOHA link:https://koha.lib.tpu.ru/cgi-bin/koha/opac-detail.pl?biblionumber=141058

MARC

LEADER 00000nam2a2200000 4500
001 141058
005 20231101220906.0
010 |a 9785981910258 
035 |a (RuTPU)RU\TPU\book\152849 
090 |a 141058 
100 |a 20080722d2007 m y0rusy50 ca 
101 0 |a rus 
102 |a RU 
105 |a a j 001zy 
200 0 |a Т. 1: Минерально-сырьевая база полезных ископаемых. Обогащение руд цветных металлов, руд и россыпей редких металлов 
210 |d 2007 
215 |a 472 с.  |c ил. 
320 |a Библиогр.: с. 465-468. 
330 |a Изложены сведения по минерально-сырьевой базе твердых полезных ископаемых; подробно рассмотрены минералогический, химический, фазовый состав руд цветных и редких металлов; приведены теоретические и практические материалы по рудоподготовке и переработке минерального сырья с применением различных методов обогащения, химического и гидрометаллургического выщелачивания, металлургической переработки. Даны технические характеристики технологического оборудования. Приведены технологические схемы и показатели обогащения основных типов руд; даны примеры переработки руд в отечественной и зарубежной практике; отмечены основные направления комплексного извлечения благородных металлов, серы, железа и других примесных компонентов. Учебник предназначен для студентов вузов, обучающихся по специальности «Обогащение полезных ископаемых», научных работников, инжене­ров, аспирантов, специализирующихся в области переработки полезных ископаемых. 
461 1 |0 (RuTPU)RU\TPU\book\181805  |y 978-5-98191-024-1  |t Технология обогащения полезных ископаемых  |o учебник  |o в 2 т.  |f В. А. Бочаров, В. А. Игнаткина  |v Т. 1: Минерально-сырьевая база полезных ископаемых. Обогащение руд цветных металлов, руд и россыпей редких металлов  |d 2007 
606 1 |a Полезные ископаемые  |x Обогащение  |2 stltpush  |3 (RuTPU)RU\TPU\subj\50091  |9 68840 
610 1 |a минерально-сырьевая база 
610 1 |a цветные металлы 
610 1 |a руды 
610 1 |a технология 
610 1 |a медные руды 
610 1 |a полиметаллические руды 
610 1 |a переработка 
610 1 |a концентраты 
610 1 |a алюминиевые руды 
610 1 |a редкие металлы 
610 1 |a россыпи 
610 1 |a литиевые руды 
610 1 |a титановые руды 
610 1 |a циркониевые сплавы 
610 1 |a тантал 
610 1 |a ниобий 
610 1 |a редкоземельные металлы 
610 1 |a урановые руды 
610 1 |a вольфрамовые сплавы 
610 1 |a молибденовые руды 
610 1 |a олово 
610 1 |a учебники 
675 |a 622.7(075.8)  |v 3 
801 1 |a RU  |b 63413507  |c 20080722  |g PSBO 
801 2 |a RU  |b 63413507  |c 20150708  |g PSBO 
900 |a Полезные ископаемые 
942 |c BK 
951 |b 130400  |b 130405 
959 |a 74/20080722  |d 2  |e 1650,00  |f АНЛ:1  |f ЧЗТЛ:1 
959 |a 74/20090619  |d 2  |e 1694,00  |f АНЛ:1  |f ЧЗТЛ:1